Sports Quiz

Random Sports or NBA Quiz

'S' NBA Players (2000s) Quiz Stats

 Plays Quiz not verified by Sporcle

Challenge
Share
Tweet
Embed
Score 0/58 Timer 06:00
0 Plays Today
First & Last Years Player % Correct
1995-2011Joe Smith
94%
2007-Jason Smith
93.8%
2004-Josh Smith
93.8%
2004-J.R. Smith
93.8%
1991-2005Steve Smith
93.7%
1997-2006Charles Smith
93.6%
2006-Craig Smith
93.6%
2000-2005Jabari Smith
93.5%
1994-2001Michael Smith
93.5%
1990-2001Tony Smith
93.5%
2002-Amare Stoudemire
75.1%
1984-2003John Stockton
69.9%
1995-2008Damon Stoudamire
67.7%
2005-2008Salim Stoudamire
67.7%
1988-2000Rik Smits
63.1%
2007-Rodney Stuckey
57.6%
2007-Luis Scola
53.9%
1999-2011Peja Stojakovic
51.2%
1995-Jerry Stackhouse
46.9%
2000-DeShawn Stevenson
45.9%
2002-John Salmons
43.9%
2006-Thabo Sefolosha
43.8%
1985-2001Detlef Schrempf
41.5%
1995-2003Arvydas Sabonis
41.1%
1988-2002John Starks
39.5%
1990-2000Dennis Scott
36.8%
1996-2002Shawnelle Scott
36.8%
2000-2009Stromile Swift
35.4%
1999-2009Wally Szczerbiak
34.7%
First & Last Years Player % Correct
1992-2005Latrell Sprewell
34.3%
2007-Ramon Sessions
33%
1986-2000John Salley
32.3%
2001-Bobby Simmons
32.1%
1995-2008Eric Snow
31.8%
2001-Brian Scalabrine
30.8%
2008-Marreese Speights
25.8%
1988-2003Brian Shaw
23.6%
1986-2005Erick Strickland
21.4%
1988-2005Rod Strickland
21.4%
1994-2003Mark Strickland
21.3%
1992-2002Bryant Stith
19.9%
1997-2005Michael Stewart
18.9%
1994-2002Dickey Simpkins
15.2%
1992-2000Malik Sealy
13%
1990-2002Felton Spencer
12.1%
1995-2005Bob Sura
11.7%
2003-2007Mike Sweetney
10.7%
2004-2008Kirk Snyder
10%
2005-James Singleton
9.3%
1998-Brian Skinner
8%
2003-2011Darius Songaila
6.7%
1991-2001Derek Strong
5.6%
2001-2009Will Solomon
4.9%
1994-2003Reggie Slater
4.8%
2000-2005Daniel Santiago
3%
1998-2004Vladimir Stepania
2.8%
2001-2005Ansu Sesay
2.3%
1998-2005Bruno Sundov
1.6%

You're not logged in!

Compare scores with friends on all Sporcle quizzes.
OR
Log In

You Might Also Like...

Show Comments

Extras

Top Quizzes Today


Score Distribution

Your Account Isn't Verified!

In order to create a playlist on Sporcle, you need to verify the email address you used during registration. Go to your Sporcle Settings to finish the process.

Report this User

Report this user for behavior that violates our Community Guidelines.

Details: